书目信息 |
| 题名: |
应用量子密码学
|
|
| 作者: | 科米策 , 皮夫克 编著 ;李琼 , 赵强 , 乐丹 译 | |
| 分册: | ||
| 出版信息: | 北京 科学出版社 2015.3 |
|
| 页数: | 10,181页 | |
| 开本: | 24cm | |
| 丛书名: | 信息安全技术丛书 | |
| 单 册: | ||
| 中图分类: | TN918.1 | |
| 科图分类: | ||
| 主题词: | 量子--密码--通信理论 | |
| 电子资源: | ||
| ISBN: | 978-7-03-042305-4 | |
| 000 | 01359nam 2200313 450 | |
| 001 | 0400002454 | |
| 005 | 20171021101625.0 | |
| 010 | @a978-7-03-042305-4@dCNY70.00 | |
| 100 | @a20150712e2015 em y0chiy50 ea | |
| 101 | 1 | @achi@beng@cger |
| 102 | @aCN@b110000 | |
| 105 | @aa z 001yy | |
| 106 | @ar | |
| 200 | 1 | @a应用量子密码学@9ying yong liang zi mi ma xue@dApplied quantum cryptography@f(奥)Christian Kollmitzer,(奥)Mario Pivk编著@g李琼,赵强,乐丹译@zeng |
| 210 | @a北京@c科学出版社@d2015.3 | |
| 215 | @a10,181页@c图@d24cm | |
| 225 | 2 | @a信息安全技术丛书 |
| 330 | @a本书主要介绍应用量子密码学的发展现状,并讨论如何在标准的通信框架下实现量子密码。全书分为10章,第1章为简介;第2章介绍基础理论知识;第3-5章分别介绍QKD的协议、系统组成和工作原理,误码纠正协议Cascade,以及攻击策略;第6章介绍七个不同的QKD系统;第7章对实际环境下的QKD网络进行统计分析;第8-10章讨论如何构建QKD网络。 | |
| 461 | 0 | @12001 @a信息安全技术丛书 |
| 510 | 1 | @aApplied quantum cryptography@zeng |
| 606 | 0 | @a量子@x密码@x通信理论 |
| 690 | @aTN918.1@v5 | |
| 701 | 0 | @c(奥)@a科米策@9ke mi ce@c(Kollmitzer, Christian)@4编著 |
| 701 | 0 | @c(奥)@a皮夫克@9pi fu ke@c(Pivk, Mario)@4编著 |
| 702 | 0 | @a李琼@9li qiong@c(女,密码学)@4译 |
| 702 | 0 | @a赵强@9zhao qiang@4译 |
| 702 | 0 | @a乐丹@9le dan@4译 |
| 801 | 0 | @aCN@b91MARC@c20171021 |
| 905 | @b1022064-8@dTN918.1@f5@e147 | |
| 应用量子密码学=Applied quantum cryptography/(奥)Christian Kollmitzer,(奥)Mario Pivk编著/李琼,赵强,乐丹译.-北京:科学出版社,2015.3 |
| 10,181页:图;24cm.-(信息安全技术丛书) |
| ISBN 978-7-03-042305-4:CNY70.00 |
| 本书主要介绍应用量子密码学的发展现状,并讨论如何在标准的通信框架下实现量子密码。全书分为10章,第1章为简介;第2章介绍基础理论知识;第3-5章分别介绍QKD的协议、系统组成和工作原理,误码纠正协议Cascade,以及攻击策略;第6章介绍七个不同的QKD系统;第7章对实际环境下的QKD网络进行统计分析;第8-10章讨论如何构建QKD网络。 |
| ● |
| 相关链接 |
|
|
|
|
正题名:应用量子密码学
索取号:TN918.1/147
 
预约/预借
| 序号 | 登录号 | 条形码 | 馆藏地/架位号 | 状态 | 备注 |
| 1 | 1022064 | 210220642 | 第二样本阅览室/ [索取号:TN918.1/147] | 在馆 | |
| 2 | 1022065 | 210220651 | 密集书库-物理学院/ [索取号:TN918.1/147] | 在馆 | |
| 3 | 1022066 | 210220660 | 第三借阅区/ [索取号:TN918.1/147] | 在馆 | |
| 4 | 1022067 | 210220679 | 第三借阅区/ [索取号:TN918.1/147] | 在馆 | |
| 5 | 1022068 | 210220688 | 第三借阅区/ [索取号:TN918.1/147] | 在馆 |